000 00448nam a22001697a 4500
005 20251108163339.0
008 250721s1986 xx 000 0 ara d
082 1 4 _a210.42301/خال
100 1 _aالخالدي، عصام
245 1 0 _aكتاب و سقط القناع /
264 1 _aعمان :
_bالمؤلف،
_c1986.
300 _a47ص.
650 1 7 _aالمرأة المسلمة
650 1 7 _aالزواج
942 _2ddc
_cBK
999 _c369
_d369